First Countries in NATO - Statistics

General Stats
  • This quiz has been taken 19 times
  • The average score is 11 of 12
Answer Stats
Country % Correct
United Kingdom
100%
United States
100%
Belgium
95%
France
95%
Italy
95%
Canada
89%
Netherlands
89%
Portugal
89%
Denmark
79%
Iceland
79%
Norway
79%
Luxembourg
63%
No matching quizzes found
Score Distribution
Percent of People with Each Score
Percentile by Number Answered
Your Score History
You have not taken this quiz